Do obnovitelných zdrojů energie poputují miliardy

Dopyt po energii neustále rastie. Rovnako ako cena ropy, zemného plynu a ďalších fosílnych palív. Stále častejšie sa hovorí o obnoviteľných zdrojoch, do ktorých každoročne plynú miliardy dolárov. Nebude tomu inak ani v budúcnosti. Stav výroby bioplynu v EÚ. Význam bioplynových staníc a ich kategoriz...

ver descrição completa

Na minha lista:
Detalhes bibliográficos
Autor principal: Skopalík, Aleš
Formato: Capítulo de Livro
Idioma:tcheco
Assuntos:
Tags: Adicionar Tag
Sem tags, seja o primeiro a adicionar uma tag!

MARC

LEADER 00000nla$a2200000$$$4500
001 0078050
005 20220801085018.2
041 0 |a cze 
044 |a CZ 
245 1 0 |a Do obnovitelných zdrojů energie poputují miliardy  |c Aleš Skopalík 
520 |a Dopyt po energii neustále rastie. Rovnako ako cena ropy, zemného plynu a ďalších fosílnych palív. Stále častejšie sa hovorí o obnoviteľných zdrojoch, do ktorých každoročne plynú miliardy dolárov. Nebude tomu inak ani v budúcnosti. Stav výroby bioplynu v EÚ. Význam bioplynových staníc a ich kategorizácia. Aktuálna situácia a možný potenciál v ČR. Podpora rozvoja bioplynu a biomasy v ČR. 
610 2 0 |a zdroje energie obnoviteľné 
610 2 0 |a bioplyn 
610 2 0 |a financovanie 
610 2 0 |a Česko 
100 1 |a Skopalík, Aleš